Manuscripta orientalia. Vol. 31, № 2 (Запись № 13719055)

Подробности
000 -МАРКЕР
контрольное поле 00864nam2a2200205 4500
001 - ИДЕНТИФИКАТОР ЗАПИСИ
контрольное поле RU\NLR\PER_A\004253733_000220
005 - ИДЕНТИФИКАТОР ВЕРСИИ
контрольное поле 20260531100750.0
035 ## - ДРУГИЕ СИСТЕМНЫЕ НОМЕРА
Идентификатор записи (NLR Aleph) 022821551
100 ## - ДАННЫЕ ОБЩЕЙ ОБРАБОТКИ
Данные общей обработки 20260529d2025 u||y0rusy50 ba
101 0# - ЯЗЫК РЕСУРСА
Язык текста, звукозаписи и т.д. английский
102 ## - СТРАНА ПУБЛИКАЦИИ ИЛИ ПРОИЗВОДСТВА
Страна публикации Финляндия
-- Российская Федерация
200 0# - ЗАГЛАВИЕ И СВЕДЕНИЯ ОБ ОТВЕТСТВЕННОСТИ
Основное заглавие Vol. 31, № 2
210 ## - ПУБЛИКАЦИЯ, РАСПРОСТРАНЕНИЕ И ДР.
Дата издания, распространения и т.д. 2025
461 #0 - УРОВЕНЬ НАБОРА
Встроенное поле 001RU\NLR\INFOCOMM_40\5000023341
-- 2001#$aManuscripta orientalia$eIntern. j. for oriental manuscript research$fRuss. acad. of sciences. The Inst. of oriental studies. St. Petersburg branch$vVol. 31, № 2
Системный номер (АБИС) связанной записи 2094451
Место публикации Helsinki
Дата публикации 1995-
Первые сведения об ответственности Russ. acad. of sciences. The Inst. of oriental studies. St. Petersburg branch
Имя издателя, распространителя и т.д. Thesa
Сведения, относящиеся к заглавию Intern. j. for oriental manuscript research
Заглавие Manuscripta orientalia
ISSN 1238-5018
Номер тома Vol. 31, № 2
852 ## - МЕСТОНАХОЖДЕНИЕ И ШИФР ХРАНЕНИЯ
Идентификатор организации NLR
Шифр хранения (Call Number) P23/3010
942 ## - ДОПОЛНИТЕЛЬНЫЕ ЭЛЕМЕНТЫ ЗАПИСИ (АБИС)
Тип экземпляра АБИС Выпуск
980 ## - КОЛЛЕКЦИЯ
Название коллекции Иностранная периодика
980 ## - КОЛЛЕКЦИЯ
Название коллекции Национальная библиография

Нет доступных экземпляров.